|
|
|
|
| LEADER |
01703nam a2200481 i 4500 |
| 001 |
nkc20213309214 |
| 003 |
CZ PrNK |
| 005 |
20210512100425.0 |
| 007 |
ta |
| 008 |
210310s2021 xr a e f 000 0 cze |
| 015 |
|
|
|a cnb003309214
|
| 020 |
|
|
|a 978-80-7508-672-3
|q (brožováno)
|
| 035 |
|
|
|a (OCoLC)1245648340
|
| 040 |
|
|
|a ABA001
|b cze
|e rda
|
| 041 |
1 |
|
|a cze
|h eng
|
| 072 |
|
7 |
|a 613
|x Hygiena. Lidské zdraví
|2 Konspekt
|9 14
|
| 080 |
|
|
|a 641.883
|2 MRF
|
| 080 |
|
|
|a 616
|2 MRF
|
| 080 |
|
|
|a 613.2
|2 MRF
|
| 080 |
|
|
|a (035)
|2 MRF
|
| 100 |
1 |
|
|a Bassford, Katherine
|7 hka20211103622
|4 aut
|
| 240 |
1 |
0 |
|a Say no to sugar.
|l Česky
|
| 245 |
1 |
0 |
|a Jak říct ne cukru :
|b snadné tipy a recepty, které vám pomohou zříct se cukru /
|c Katherine Bassford ; překlad: Petr Florian
|
| 250 |
|
|
|a 1. vydání
|
| 264 |
|
1 |
|a V Brně :
|b Lingea,
|c 2021
|
| 300 |
|
|
|a 127 stran :
|b ilustrace ;
|c 15 cm
|
| 336 |
|
|
|a text
|b txt
|2 rdacontent
|
| 337 |
|
|
|a bez média
|b n
|2 rdamedia
|
| 338 |
|
|
|a svazek
|b nc
|2 rdacarrier
|
| 500 |
|
|
|a Přeloženo z angličtiny
|
| 650 |
0 |
7 |
|a cukr
|7 ph114263
|x zdravotní aspekty
|2 czenas
|
| 650 |
0 |
7 |
|a racionální výživa
|7 ph124968
|2 czenas
|
| 650 |
0 |
9 |
|a sugar
|x health aspects
|2 eczenas
|
| 650 |
0 |
9 |
|a rational nutrition
|2 eczenas
|
| 655 |
|
7 |
|a příručky
|7 fd133209
|2 czenas
|
| 655 |
|
9 |
|a handbooks and manuals
|2 eczenas
|
| 700 |
1 |
|
|a Florian, Petr
|7 xx0257134
|4 trl
|
| 910 |
2 |
|
|a BOA001
|b S-1463.234
|
| 990 |
|
|
|a BK
|
| 995 |
|
|
|a 01
|
| 991 |
|
|
|b 202105
|c NOV
|
| 996 |
6 |
|
|b 2610859730
|c S-1463.234
|l MZK
|r Sklad / do 24 hodin
|n 4
|p p.v.
|w 001846674
|u 000010
|a 1
|e BOA001
|j MZK50
|s P
|
| 996 |
7 |
|
|b 2610859731
|c S-1463.234
|l MZK
|r Sklad / do 24 hodin
|n 6
|p p.v.
|w 001846674
|u 000020
|a 1
|e BOA001
|j MZK50
|s A
|